| 000 | 07125nam a22006734a 4500 | ||
|---|---|---|---|
| 005 | 20100820112339.0 | ||
| 010 | _aB-4133340-377 | ||
| 020 |
_a8183570232 _c225.00 |
||
| 035 | _aB-4133340-377 | ||
| 037 | _bUnique Publishers | ||
| 082 | _a420 | ||
| 245 |
_aUnique quintessence of general english / _cedited by S. Sen [and] J.K. Chopra; throughly revised by G.S. lMansukhani |
||
| 260 |
_aNew Delhi _bUnique Publishers, _c2009 |
||
| 270 |
_aM-51, Lajpat Nagar-II, _bNew Delhi _e110024 |
||
| 300 |
_a276p. _c22cm (pbk) |
||
| 500 | _aSample interview questions with answers | ||
| 700 |
_aSen. S. _915423 |
||
| 700 |
_aChopra, J.K. _9790 |
||
| 942 |
_2ddc _cEN _mUNI _h420 |
||
| 999 |
_c35481 _d35481 |
||